000 00616nam a2200181 i 4500
001 112768
003 ES-MaACL
005 20230906185625.0
007 t|
008 061121s1964 sp r ||||1| spa d
100 1 _aMurga Jiménez, Jorge de.
_984572
245 1 0 _aNociones de patología general adaptada al programa de ayudante técnico sanitario /
_cJorge Murga Jiménez y Juan J. de Araujo Múgica.
260 _aMadrid :
_b[s.n.],
_c1964 (
_fGráf. Onofre)
300 _a135 p. ;
_c25 cm.
650 0 4 _aPatología.
_915884
700 1 _aAraujo Múgica, Juan J.
_922364
852 _aES-MaACL
_jC-29564
_bR.57718
999 _c112768
_d112768